000
00341nam a2200133Ia 4500
008
100328s9999 xx 000 0 und d
082
_b
35653
100
_a
बागुळ चारुदत्त
245
_a
खंडणी
260
_b
मुक्ता
630
_a
खंडणी
730
_a
खंडणी
942
_c
BOOK
999
_c
525514
_d
525511